[Event "ICS rated blitz match"]
[Site "204.178.125.65"]
[Date "2000.11.28"]
[Round "?"]
[White "Yace"]
[Black "Hossa"]
[Result "1-0"]
[WhiteElo "2754"]
[BlackElo "2509"]
[PlyCount "105"]
[EventDate "2000.??.??"]

1. e4 c5 2. Nf3 d6 3. d4 cxd4 4. Nxd4 Nf6 5. Nc3 a6 6. Be2 e5 7. Nb3 Be7 8. O-O
O-O 9. Be3 Nbd7 10. a4 Nc5 11. Nxc5 dxc5 12. Qxd8 Rxd8 13. Bc4 b6 14. Nd5 Nxd5
15. Bxd5 Ra7 16. f4 exf4 17. Bxf4 Bf6 18. a5 bxa5 19. c3 Be6 20. Bxe6 fxe6 21.
Rxa5 e5 22. Be3 Rb7 23. Bc1 c4 24. Rc5 Kf7 25. Rxc4 Rd6 26. h3 Ke6 27. Rc8 Bd8
28. c4 Bb6+ 29. Kh2 Rd3 30. c5 Bc7 31. Ra8 Kd7 32. Rxa6 Ke8 33. Bg5 Bd8 34. c6
Rxb2 35. Ra8 Ra2 36. Rxa2 Bxg5 37. Ra8+ Ke7 38. c7 Rc3 39. c8=R Rxc8 40. Rxc8
Bf6 41. Rc7+ Kd8 42. Ra7 Kc8 43. Rc1+ Kd8 44. Rd1+ Ke8 45. Rb1 Be7 46. Rb8+ Kf7
47. Rbb7 Kf6 48. Rxe7 Kg5 49. Kg3 Kf6 50. h4 h6 51. Rxg7 h5 52. Rg5 Ke6 53.
Rg6# {Hossa checkmated} 1-0

[Event "ICS rated blitz match"]
[Site "204.178.125.65"]
[Date "2000.11.28"]
[Round "?"]
[White "Amateur"]
[Black "Hossa"]
[Result "1-0"]
[WhiteElo "2497"]
[BlackElo "2503"]
[PlyCount "105"]
[EventDate "2000.??.??"]

1. e4 c5 2. Nf3 Nc6 3. d4 d6 4. dxc5 Qa5+ 5. Nc3 Qxc5 6. Nd5 Nb4 7. Bb5+ Bd7 8.
Bxd7+ Kxd7 9. Nc3 Kc8 10. O-O Nf6 11. Be3 Qh5 12. Qe2 Nc6 13. Qc4 Ng4 14. Bf4
e5 15. Bg3 Nf6 16. a4 Be7 17. b4 Kb8 18. b5 Nd8 19. Rfb1 Ne6 20. Ra3 Rc8 21.
Qb4 Nc5 22. a5 h6 23. a6 b6 24. h3 Kc7 25. Rd1 Rh8 26. Rd2 Rhc8 27. Ra1 Rh8 28.
Qc4 Rae8 29. Ra4 Kb8 30. Ra3 Rc8 31. Qb4 Qg6 32. Re2 Nh5 33. Bh2 Qe6 34. Re1 g5
35. Rc1 g4 36. hxg4 Qxg4 37. Nd5 Rcg8 38. g3 Bd8 39. Nd2 Qh3 40. Qc4 Bg5 41.
Rd1 Bxd2 42. Rxd2 Rg7 43. Ne3 Nf6 44. Rxd6 Ng4 45. Nxg4 Rxg4 46. Qd5 Rc8 47.
Rxb6+ axb6 48. a7+ Kc7 49. a8=Q Qxh2+ 50. Kxh2 Rh4+ 51. gxh4 Rxa8 52. Rxa8 Nxe4
53. Qc6# {Hossa checkmated} 1-0

[Event "ICS rated blitz match"]
[Site "204.178.125.65"]
[Date "2000.11.28"]
[Round "?"]
[White "Hossa"]
[Black "Amateur"]
[Result "1/2-1/2"]
[WhiteElo "2487"]
[BlackElo "2513"]
[PlyCount "80"]
[EventDate "2000.??.??"]

1. e4 c5 2. Nf3 e6 3. c3 d5 4. exd5 exd5 5. Bb5+ Bd7 6. Qe2+ Be7 7. d4 Bxb5 8.
Qxb5+ Qd7 9. Qxd7+ Nxd7 10. O-O cxd4 11. cxd4 Ngf6 12. Re1 Nf8 13. Nc3 Ne6 14.
Bd2 O-O 15. Ng5 Nxg5 16. Bxg5 Bb4 17. Bxf6 gxf6 18. Re3 Rfd8 19. Rae1 Kg7 20.
Rg3+ Kh6 21. Ree3 Bxc3 22. bxc3 Re8 23. Rh3+ Kg7 24. Reg3+ Kh8 25. Kf1 Re6 26.
Rg4 Rae8 27. g3 Rc8 28. Rh5 Re4 29. f4 Rxc3 30. Rxd5 Rc1+ 31. Kg2 Re2+ 32. Kh3
h6 33. Rd8+ Kh7 34. Rd7 Rh1 35. Rxf7+ Kh8 36. Rgg7 h5 37. Rh7+ Kg8 38. Rhg7+
Kh8 39. Rh7+ Kg8 40. Rhg7+ Kh8 {Game drawn by repetition} 1/2-1/2

[Event "ICS rated blitz match"]
[Site "204.178.125.65"]
[Date "2000.11.28"]
[Round "?"]
[White "Amateur"]
[Black "Hossa"]
[Result "1/2-1/2"]
[WhiteElo "2512"]
[BlackElo "2488"]
[PlyCount "145"]
[EventDate "2000.??.??"]

1. e4 e5 2. Nf3 Nc6 3. Bb5 a6 4. Ba4 Nf6 5. O-O Bc5 6. Bxc6 dxc6 7. d3 Qe7 8.
Nbd2 Bg4 9. Nc4 O-O-O 10. Ncxe5 Bxf3 11. Nxf3 Nxe4 12. Qe1 Nf6 13. Qxe7 Bxe7
14. Ne5 Rhf8 15. Re1 Bb4 16. c3 Bd6 17. Nc4 b5 18. Nxd6+ Rxd6 19. d4 Re6 20.
Rxe6 fxe6 21. a4 Kb7 22. a5 Kc8 23. f3 Nd5 24. Bg5 h6 25. Bd2 Kd7 26. b3 Nf6
27. Bf4 Nd5 28. Be5 g5 29. c4 bxc4 30. bxc4 Ne3 31. Rc1 Rb8 32. Kf2 Nf5 33. d5
cxd5 34. cxd5 exd5 35. Rxc7+ Ke6 36. f4 gxf4 37. Bxf4 Rb2+ 38. Kf1 Rb1+ 39. Rc1
Rxc1+ 40. Bxc1 h5 41. Ke2 Nd6 42. Kd3 Nc4 43. Bd2 Kf5 44. Bc3 Nd6 45. Bd4 Ke6
46. Bb6 Kd7 47. h3 Nf7 48. Kd4 Kd6 49. Ba7 Nd8 50. Bc5+ Ke6 51. Bb6 Nc6+ 52.
Kc5 Ne5 53. Bc7 Nd7+ 54. Kd4 Nf6 55. Be5 Ne4 56. Bf4 Nf2 57. Bd2 Ne4 58. Bb4
Nf6 59. Bd2 Ne4 60. Be1 Nf6 61. Bg3 Ne4 62. Bc7 h4 63. Ke3 Nd6 64. Bxd6 Kxd6
65. Kf2 Kc5 66. g4 hxg3+ 67. Kxg3 Kc4 68. Kf2 Kc3 69. Ke2 Kc2 70. Ke3 Kc3 71.
Ke2 Kc2 72. Ke3 Kc3 73. Ke2 {Game drawn by repetition} 1/2-1/2

[Event "ICS rated blitz match"]
[Site "204.178.125.65"]
[Date "2000.11.28"]
[Round "?"]
[White "Hossa"]
[Black "Amateur"]
[Result "1/2-1/2"]
[WhiteElo "2489"]
[BlackElo "2511"]
[PlyCount "323"]
[EventDate "2000.??.??"]

1. e4 c5 2. Nf3 Nc6 3. d4 cxd4 4. Nxd4 e5 5. Nxc6 bxc6 6. Bc4 Nf6 7. Qe2 Bb4+
8. c3 Be7 9. f4 Qc7 10. O-O O-O 11. fxe5 Qxe5 12. Bd3 Bc5+ 13. Kh1 d6 14. Bf4
Bg4 15. Bxe5 Bxe2 16. Bxe2 dxe5 17. Nd2 Rad8 18. Rad1 Rd6 19. b4 Bb6 20. Nc4
Rxd1 21. Bxd1 Nxe4 22. Bf3 Nxc3 23. Nxe5 Nxa2 24. Nxc6 Nc3 25. Ra1 Re8 26. g3
Nb5 27. Bd5 Re3 28. Rf1 Nd6 29. Kg2 Re2+ 30. Kh3 Be3 31. Ra1 g5 32. Bf3 Rf2 33.
Rd1 Rxf3 34. Rxd6 h5 35. Rd8+ Kg7 36. Rd3 Rf2 37. Ne5 Bd2 38. Ra3 Bxb4 39. Rxa7
Bd6 40. Nxf7 Rxf7 41. Ra5 Kg6 42. Kg2 g4 43. Rd5 Bb8 44. Rd2 Rb7 45. Kf1 Be5
46. Ke2 h4 47. gxh4 Bxh2 48. Rd5 Rb2+ 49. Ke3 g3 50. Rg5+ Kh6 51. Kf3 Rb4 52.
Rg8 Rxh4 53. Rh8+ Kg5 54. Rxh4 Kxh4 55. Kg2 Kg4 56. Kh1 Kf4 57. Kg2 Ke3 58. Kh1
Kd2 59. Kg2 Ke2 60. Kh1 Ke3 61. Kg2 Ke4 62. Kh1 Kd3 63. Kg2 Kd4 64. Kf3 Kd3 65.
Kg2 Kc2 66. Kh1 Kc3 67. Kg2 Kd2 68. Kh1 Ke2 69. Kg2 Kd3 70. Kf3 Kd4 71. Kg2 Kc3
72. Kh1 Kd4 73. Kg2 Ke4 74. Kh1 Kf4 75. Kg2 Ke5 76. Kh1 Ke4 77. Kg2 Kd5 78. Kh1
Ke5 79. Kg2 Kd4 80. Kf3 Ke5 81. Kg2 Kf4 82. Kh1 Kf5 83. Kg2 Kf6 84. Kh1 Kg5 85.
Kg2 Kf5 86. Kf3 Kg5 87. Kg2 Kg4 88. Kh1 Kf4 89. Kg2 Ke4 90. Kh1 Kd4 91. Kg2 Ke5
92. Kh1 Ke4 93. Kg2 Kd5 94. Kh1 Ke5 95. Kg2 Kd4 96. Kf3 Ke5 97. Kg2 Kf4 98. Kh1
Kf5 99. Kg2 Kg4 100. Kh1 Kf4 101. Kg2 Bg1 102. Kxg1 Kg5 103. Kh1 Kf5 104. Kg2
Kf4 105. Kg1 Kf5 106. Kh1 Kg5 107. Kg2 Kh4 108. Kg1 Kg4 109. Kg2 Kf4 110. Kg1
Kf3 111. Kh1 Kg4 112. Kg2 Kf4 113. Kg1 Kg5 114. Kh1 Kf5 115. Kg2 Kg4 116. Kg1
Kf5 117. Kh1 Kg5 118. Kg2 Kh4 119. Kg1 Kg4 120. Kg2 Kf4 121. Kg1 Kf3 122. Kh1
Kg4 123. Kg2 Kf4 124. Kg1 Kg5 125. Kh1 Kf5 126. Kg2 Kg4 127. Kg1 Kf5 128. Kh1
Kg5 129. Kg2 Kh4 130. Kg1 Kg4 131. Kg2 Kf4 132. Kg1 Kf3 133. Kh1 Kg4 134. Kg2
Kf4 135. Kg1 Kg5 136. Kh1 Kf5 137. Kg2 Kg4 138. Kg1 Kf5 139. Kh1 Kg5 140. Kg2
Kh4 141. Kg1 Kg4 142. Kg2 Kf4 143. Kg1 Kf3 144. Kh1 Kg4 145. Kg2 Kf4 146. Kg1
Kg5 147. Kh1 Kf5 148. Kg2 Kg4 149. Kg1 Kf5 150. Kh1 Ke4 151. Kg2 Kf4 152. Kg1
Ke5 153. Kh1 Kf4 154. Kg2 Kg4 155. Kg1 Kf3 156. Kh1 Ke3 157. Kg2 Kf4 158. Kg1
Ke4 159. Kg2 Kf4 160. Kg1 Kg5 161. Kh1 Kg4 162. Kg2 {Game drawn by repetition}
1/2-1/2

[Event "ICS rated blitz match"]
[Site "204.178.125.65"]
[Date "2000.11.28"]
[Round "?"]
[White "Amateur"]
[Black "Hossa"]
[Result "1-0"]
[WhiteElo "2510"]
[BlackElo "2490"]
[PlyCount "149"]
[EventDate "2000.??.??"]

1. e4 e5 2. Nf3 Nc6 3. Bb5 a6 4. Ba4 Nf6 5. O-O Be7 6. Bxc6 dxc6 7. Qe2 Bg4 8.
h3 Be6 9. b3 Nd7 10. Bb2 f6 11. d4 Bd6 12. c4 exd4 13. Nxd4 Qe7 14. Nc3 O-O-O
15. Rfd1 g6 16. a4 Bf7 17. a5 Rhe8 18. Re1 Kb8 19. Qe3 Bg8 20. Na4 c5 21. Nf3
g5 22. Rad1 Bf4 23. Qc3 Bf7 24. Bc1 Bd6 25. Ba3 Bg6 26. Nd2 Ne5 27. Kh1 Bh5 28.
Rc1 Nc6 29. Nf1 Qf8 30. Rb1 f5 31. exf5 Qxf5 32. Ng3 Bxg3 33. fxg3 Rxe1+ 34.
Rxe1 g4 35. h4 Qd3 36. Qxd3 Rxd3 37. Nxc5 Rxg3 38. Bb2 Nxa5 39. Re7 Nc6 40.
Rxh7 Re3 41. Bc1 Re1+ 42. Kh2 Rxc1 43. Rxh5 Rc3 44. Rg5 Nd4 45. h5 Re3 46. h6
Re7 47. Rxg4 Nf5 48. Rg8+ Ka7 49. Rh8 Ne3 50. h7 Kb6 51. Na4+ Ka5 52. Kg3 Nxc4
53. bxc4 Kxa4 54. Kf4 Rg7 55. g4 Kb4 56. g5 Kxc4 57. Kf5 Rd7 58. g6 Rd5+ 59.
Kf4 Rd4+ 60. Kf3 Rd3+ 61. Ke2 Rg3 62. Re8 Rg2+ 63. Kf1 Rxg6 64. h8=Q Rd6 65.
Re7 c5 66. Rxb7 a5 67. Qg8+ Kd4 68. Rb5 Rf6+ 69. Ke2 Ra6 70. Qc8 Ke5 71. Qxa6
Kf4 72. Rxc5 Kg4 73. Qg6+ Kf4 74. Rf5+ Ke4 75. Qg4# {Hossa checkmated} 1-0

[Event "ICS rated blitz match"]
[Site "204.178.125.65"]
[Date "2000.11.28"]
[Round "?"]
[White "Hossa"]
[Black "HaraldLdahl"]
[Result "1-0"]
[WhiteElo "2475"]
[BlackElo "2156"]
[PlyCount "70"]
[EventDate "2000.??.??"]

1. e4 Nf6 2. e5 Nd5 3. d4 d6 4. Nf3 Bg4 5. Be2 c6 6. O-O Bxf3 7. Bxf3 dxe5 8.
dxe5 e6 9. c4 Ne7 10. Qxd8+ Kxd8 11. Bh5 Ng6 12. Bxg6 hxg6 13. Rd1+ Nd7 14. Nd2
Kc7 15. Nf3 Be7 16. Be3 Rhf8 17. Rd3 a6 18. Rad1 Rad8 19. Kf1 Nc5 20. Rd4 Rxd4
21. Rxd4 Rd8 22. Rf4 f6 23. exf6 gxf6 24. Bxc5 Bxc5 25. Rxf6 Rd1+ 26. Ke2 Rb1
27. b3 Rb2+ 28. Kd3 Rxf2 29. Rxg6 Rxa2 30. Ng5 Bd6 31. Nxe6+ Kb6 32. h3 Rb2 33.
Kd4 Bh2 34. Nc5 Re2 35. Kd3 Rb2 {HaraldLdahl resigns} 1-0

[Event "ICS rated blitz match"]
[Site "204.178.125.65"]
[Date "2000.11.28"]
[Round "?"]
[White "HaraldLdahl"]
[Black "Hossa"]
[Result "1/2-1/2"]
[WhiteElo "2152"]
[BlackElo "2479"]
[PlyCount "172"]
[EventDate "2000.??.??"]

1. e4 c5 2. Nc3 Nc6 3. g3 g6 4. Bg2 Bg7 5. d3 d6 6. f4 Rb8 7. Nf3 Bg4 8. O-O
Bd4+ 9. Kh1 h5 10. Ne2 Bf6 11. h3 h4 12. hxg4 h3 13. g5 Bg7 14. Bxh3 Rxh3+ 15.
Kg2 Rh8 16. c3 d5 17. Be3 d4 18. Bd2 Qd7 19. Neg1 e6 20. c4 a6 21. a4 Qc8 22.
Qe2 b6 23. Nh3 Nge7 24. Rh1 b5 25. axb5 axb5 26. b3 bxc4 27. bxc4 Ra8 28. Nf2
Rxa1 29. Rxa1 Qb8 30. Qd1 f5 31. e5 Nc8 32. Qb1 Qxb1 33. Rxb1 Kf7 34. Rb7+ Kg8
35. g4 Kh7 36. gxf5 gxf5 37. Nh4 Rg8 38. Kg3 N8a7 39. Nd1 Rb8 40. Rxb8 Nxb8 41.
Nb2 Nac6 42. Na4 Nd7 43. Kf3 Kg8 44. Ke2 Kf7 45. Kd1 Ke7 46. Kc2 Kf7 47. Kb3
Ke8 48. Ka3 Kf7 49. Nb2 Nb6 50. Nd1 Kg8 51. Nf2 Kh7 52. Nh3 Nd7 53. Ng1 Ndxe5
54. fxe5 Nxe5 55. Ka4 Nxd3 56. Kb5 Be5 57. Ngf3 Bg3 58. g6+ Kg7 59. Kc6 f4 60.
Ba5 e5 61. Kd5 Nb2 62. Bc7 Nd3 63. Bxe5+ Nxe5 64. Kxe5 d3 65. Ng2 Kxg6 66. Ke4
d2 67. Nxd2 Kg5 68. Nf3+ Kg4 69. Nge1 Bf2 70. Nd3 Be3 71. Nxf4 Bxf4 72. Ne5+
Kg3 73. Nd7 Bd2 74. Kd5 Kf3 75. Nxc5 Bc3 76. Ne4 Ba5 77. c5 Ke3 78. c6 Bc7 79.
Nd6 Kf2 80. Nb5 Bb8 81. Ke6 Kg2 82. Kd7 Kh2 83. Kc8 Be5 84. Kd7 Bf4 85. Nd6 Kg2
86. c7 Kh3 {HaraldLdahl ran out of time and Hossa has no material to mate}
1/2-1/2

[Event "ICS rated bullet match"]
[Site "204.178.125.65"]
[Date "2000.11.28"]
[Round "?"]
[White "Hossa"]
[Black "strangersa"]
[Result "1-0"]
[WhiteElo "2615"]
[BlackElo "2230"]
[PlyCount "49"]
[EventDate "2000.??.??"]

1. e4 c5 2. Nf3 d6 3. d4 cxd4 4. Nxd4 Nf6 5. Nc3 Nc6 6. Bc4 Bd7 7. O-O e6 8.
Nf3 a6 9. Bf4 e5 10. Bg5 Be7 11. Bxf6 Bxf6 12. Qxd6 Qe7 13. Qc7 O-O 14. Nd5 Qd8
15. Nxf6+ gxf6 16. Qxb7 Rb8 17. Qxa6 Rxb2 18. Bb3 Nd4 19. Nxd4 exd4 20. Qa3 Bb5
21. Qxb2 Bxf1 22. Rxf1 d3 23. Rd1 Qa8 24. Rxd3 Qxe4 25. Rg3+ {
strangersa resigns} 1-0

[Event "ICS rated bullet match"]
[Site "204.178.125.65"]
[Date "2000.11.28"]
[Round "?"]
[White "twixer"]
[Black "Hossa"]
[Result "0-1"]
[WhiteElo "2727"]
[BlackElo "2618"]
[PlyCount "184"]
[EventDate "2000.??.??"]

1. c4 e5 2. Nc3 Nf6 3. Nf3 Nc6 4. g3 g6 5. Bg2 Bg7 6. d4 exd4 7. Nxd4 O-O 8.
O-O Nxd4 9. Qxd4 d6 10. Bg5 h6 11. Bd2 Ng4 12. Qd3 Re8 13. Rad1 Ne5 14. Qe4 Nc6
15. Qd3 Bf5 16. e4 Nb4 17. Qf3 Be6 18. Nd5 a5 19. a3 Nxd5 20. cxd5 Bd7 21. Bc3
Bb5 22. Rfe1 Bxc3 23. Qxc3 Qe7 24. Qe3 h5 25. Rc1 c6 26. dxc6 bxc6 27. Red1 Qf6
28. Qh6 Qxb2 29. Rxd6 Qxa3 30. Rd7 Qf8 31. Qg5 a4 32. e5 Qg7 33. f4 a3 34. Be4
a2 35. Ra1 Ra4 36. Bc2 Ra3 37. Rc7 Kh8 38. Be4 Ra6 39. Kg2 Kg8 40. h3 Rb8 41.
Kh1 Bc4 42. Kh2 Bd5 43. Bxd5 cxd5 44. Rc2 Rba8 45. Qe7 Qf8 46. Qd7 Ra5 47. Rc7
Rd8 48. Qc6 Qa3 49. Qb6 h4 50. gxh4 Ra6 51. Qb7 Rf8 52. Rd7 Ra4 53. e6 Rxf4 54.
Qb6 Kg7 55. Ra7 Qf3 56. e7 Rh8 57. R1xa2 Rfxh4 58. Qb2+ d4 59. e8=N+ Rxe8 60.
Qg2 Qf4+ 61. Qg3 Rxh3+ 62. Kxh3 Re3 63. Qxe3 dxe3 64. R2a5 Qf1+ 65. Kg4 e2 66.
Re7 e1=Q 67. Rxe1 f5+ 68. Kg5 Qg2+ 69. Kf4 Qf2+ 70. Ke5 Qxe1+ 71. Kf4 Qxa5 72.
Kf3 Qa3+ 73. Ke2 Qe3+ 74. Kd1 Qd2+ 75. Kxd2 g5 76. Ke3 Kf6 77. Kf3 Ke5 78. Ke3
g4 79. Kf2 f4 80. Ke2 f3+ 81. Ke3 Kf5 82. Kf2 Kf4 83. Kf1 g3 84. Ke1 Ke3 85.
Kf1 g2+ 86. Kg1 Ke2 87. Kh2 Kf2 88. Kh3 g1=R 89. Kh4 Ke3 90. Kh3 Kf4 91. Kh2
Rf1 92. Kh3 Rh1# {twixer checkmated} 0-1

[Event "ICS rated bullet match"]
[Site "204.178.125.65"]
[Date "2000.11.28"]
[Round "?"]
[White "Hossa"]
[Black "twixer"]
[Result "1-0"]
[WhiteElo "2639"]
[BlackElo "2706"]
[PlyCount "137"]
[EventDate "2000.??.??"]

1. e4 c5 2. Nf3 d6 3. d4 cxd4 4. Nxd4 Nf6 5. Nc3 a6 6. Be2 e5 7. Nb3 Be7 8. O-O
O-O 9. Be3 Be6 10. Qd2 Nbd7 11. Rad1 Qc7 12. Rfe1 Rfc8 13. a3 Bxb3 14. cxb3 Nc5
15. Nd5 Nxd5 16. Qxd5 Qc6 17. Bc4 Ne6 18. f3 Qc7 19. Rc1 Bg5 20. Bxg5 Nxg5 21.
Red1 Qb6+ 22. Kh1 Rc6 23. Qd2 h6 24. Rc3 Rd8 25. Bd5 Rcc8 26. Qc2 Rc5 27. Rxc5
Qxc5 28. Rc1 Qxc2 29. Rxc2 Rd7 30. Rc8+ Kh7 31. Rb8 b5 32. Rb6 a5 33. Rxb5 Ra7
34. Kg1 Kg6 35. Rb6 f6 36. Rxd6 h5 37. Rc6 h4 38. Rc3 Ra6 39. b4 axb4 40. axb4
Ra1+ 41. Kf2 h3 42. b5 Rh1 43. Kg3 hxg2 44. Kxg2 Rb1 45. Rb3 Rc1 46. b6 Rc8 47.
b7 Rb8 48. Rc3 Ne6 49. Rc8 Nf4+ 50. Kg3 Rxb7 51. Bxb7 Nd3 52. b3 Kh6 53. Rg8
Kg6 54. Bc6 Nb4 55. Be8+ Kh7 56. Bf7 Nc6 57. h4 Ne7 58. Re8 Nc6 59. h5 Kh6 60.
Kg4 g5 61. hxg6 Nd4 62. Rh8+ Kg7 63. Rh7+ Kf8 64. Bd5 f5+ 65. exf5 Nxf5 66.
Kxf5 Ke8 67. Ra7 Kd8 68. g7 Kc8 69. g8=Q# {twixer checkmated} 1-0

[Event "ICS rated blitz match"]
[Site "204.178.125.65"]
[Date "2000.11.28"]
[Round "?"]
[White "madhatter"]
[Black "Hossa"]
[Result "0-1"]
[WhiteElo "2235"]
[BlackElo "2469"]
[PlyCount "102"]
[EventDate "2000.??.??"]

1. d4 d5 2. Nf3 Nf6 3. e3 g6 4. c4 Bg7 5. Nc3 O-O 6. cxd5 Nxd5 7. Bc4 Nb6 8.
Bb3 Nc6 9. h3 Re8 10. O-O Rb8 11. d5 Na5 12. e4 Nxb3 13. Qxb3 e6 14. Bg5 f6 15.
Bh4 exd5 16. exd5 Bf5 17. Rad1 Kh8 18. Nd4 Qd7 19. Rfe1 Rxe1+ 20. Rxe1 Bd3 21.
Ne6 Bc4 22. Qa3 Re8 23. Re3 Nxd5 24. Nxd5 Bxd5 25. Nxg7 Kxg7 26. Qc3 Rf8 27.
Rd3 Qc6 28. Qxc6 Bxc6 29. Bg3 Rc8 30. Re3 Kf7 31. Kf1 h6 32. f4 Rd8 33. Ke1
Bxg2 34. Bf2 b6 35. Rc3 c6 36. Rc2 Re8+ 37. Re2 Be4 38. Bd4 c5 39. Bc3 g5 40.
fxg5 hxg5 41. Kf2 b5 42. a3 Kg6 43. Kg3 f5 44. h4 f4+ 45. Kh2 gxh4 46. Kh3 Bf5+
47. Kh2 Rxe2+ 48. Kg1 h3 49. Kf1 Bd3 50. Kg1 h2+ 51. Kh1 Be4# {
madhatter checkmated} 0-1

[Event "ICS rated blitz match"]
[Site "204.178.125.65"]
[Date "2000.11.28"]
[Round "?"]
[White "Hossa"]
[Black "Loewe"]
[Result "1-0"]
[WhiteElo "2476"]
[BlackElo "1930"]
[PlyCount "85"]
[EventDate "2000.??.??"]

1. e4 e5 2. Nf3 Nc6 3. Bb5 Bc5 4. d3 d6 5. O-O Nge7 6. Be3 Bb6 7. Bxb6 axb6 8.
d4 O-O 9. dxe5 Nxe5 10. Nxe5 dxe5 11. Qh5 Ng6 12. Nc3 c6 13. Bc4 Be6 14. Bxe6
fxe6 15. Rad1 Qf6 16. Rd7 Rab8 17. f3 b5 18. Ne2 b6 19. Rfd1 c5 20. R1d6 c4 21.
Qg4 Rfe8 22. Nc3 b4 23. Nd5 Qh4 24. Qxh4 Nxh4 25. Nxb4 b5 26. Na6 Rbc8 27. Nc7
Rf8 28. Nxe6 Rf7 29. Rd8+ Rf8 30. Nxf8 Rxd8 31. Rxd8 Kf7 32. Nxh7 Ng6 33. Rd7+
Kg8 34. Ng5 Nf8 35. Rd8 g6 36. Ne6 Kf7 37. Nxf8 g5 38. Rd7+ Kxf8 39. Rd5 g4 40.
fxg4 b4 41. Rb5 b3 42. axb3 c3 43. bxc3 {Loewe resigns} 1-0

[Event "ICS rated blitz match"]
[Site "204.178.125.65"]
[Date "2000.11.28"]
[Round "?"]
[White "Hossa"]
[Black "PostModernist"]
[Result "0-1"]
[WhiteElo "2478"]
[BlackElo "2598"]
[PlyCount "390"]
[EventDate "2000.??.??"]

1. e4 c5 2. Nf3 g6 3. d4 cxd4 4. Qxd4 Nf6 5. e5 Nc6 6. Qa4 Nd5 7. Bb5 Bg7 8.
O-O Nc7 9. Bf4 O-O 10. Rd1 a6 11. Be2 Ne6 12. Bg3 Qb6 13. Qb3 Qxb3 14. axb3 f6
15. exf6 Bxf6 16. Nc3 d6 17. Re1 Nb4 18. Bd1 a5 19. Na4 Ra6 20. Nc3 Bd7 21. Nd2
Rc8 22. Nde4 Bd4 23. h4 d5 24. Ng5 Rxc3 25. bxc3 Bxc3 26. Nxe6 Bxe6 27. Be2
Bxe1 28. Rxe1 Nxc2 29. Rb1 Rc6 30. Be5 d4 31. Bd3 Rc5 32. f4 Bf5 33. Bc4+ Kf8
34. Rd1 b5 35. Be2 Be6 36. Rd3 Bd5 37. Bd1 Bxg2 38. Bxd4 Nxd4 39. Rxd4 Bc6 40.
Rd8+ Kg7 41. Rd3 a4 42. bxa4 bxa4 43. Kf2 Rc1 44. Bf3 Bxf3 45. Kxf3 Ra1 46. Rd7
Kf6 47. Ra7 a3 48. Ra6+ Kg7 49. Kf2 a2 50. Kg2 Kg8 51. Kh2 Kf7 52. Kg2 Kg7 53.
Kh2 Kf8 54. Ra7 Kf7 55. Ra6 Ke8 56. Ra7 Kd8 57. Kg2 Kc8 58. Kh2 Kb8 59. Ra4 Kc7
60. Ra6 Kb7 61. Ra3 Kb6 62. Kg2 Kb5 63. Ra7 Kc4 64. Rc7+ Kd4 65. Rd7+ Ke4 66.
Rxe7+ Kxf4 67. Ra7 Kg4 68. Ra4+ Kh5 69. Kh2 g5 70. hxg5 Kxg5 71. Ra5+ Kf4 72.
Ra3 h5 73. Kg2 h4 74. Ra5 Ke4 75. Ra4+ Kd3 76. Ra8 Kc3 77. Rc8+ Kb3 78. Rb8+
Ka3 79. Ra8+ Kb4 80. Rb8+ Ka4 81. Ra8+ Kb5 82. Rb8+ Kc5 83. Rc8+ Kd4 84. Rd8+
Kc4 85. Rc8+ Kd5 86. Rd8+ Kc6 87. Ra8 h3+ 88. Kh2 Kd5 89. Ra7 Kd4 90. Ra4+ Kc3
91. Ra7 Kc2 92. Ra8 Kb3 93. Rb8+ Ka3 94. Ra8+ Kb4 95. Rb8+ Kc4 96. Rc8+ Kd5 97.
Ra8 Kc5 98. Rc8+ Kd4 99. Rd8+ Kc3 100. Rc8+ Kb2 101. Rb8+ Kc1 102. Rc8+ Kd2
103. Rd8+ Ke3 104. Re8+ Kd3 105. Rd8+ Ke4 106. Ra8 Ke5 107. Ra4 Kd6 108. Ra7
Kc5 109. Ra6 Kc4 110. Ra8 Kb5 111. Ra3 Kb6 112. Ra4 Kb7 113. Ra3 Kb8 114. Ra5
Kc8 115. Ra7 Kd8 116. Ra5 Kc7 117. Ra7+ Kd6 118. Ra5 Kd7 119. Ra3 Ke7 120. Ra7+
Ke8 121. Ra8+ Kf7 122. Ra7+ Kf6 123. Ra3 Kf5 124. Ra4 Kg5 125. Ra8 Kg4 126.
Rg8+ Kf3 127. Rf8+ Ke2 128. Ra8 Kf2 129. Ra3 Kf1 130. Kxh3 Ke2 131. Kg2 Kd2
132. Ra4 Kc2 133. Ra6 Kb2 134. Rb6+ Ka3 135. Ra6+ Kb3 136. Rb6+ Kc4 137. Ra6
Kc3 138. Rc6+ Kd2 139. Rd6+ Ke2 140. Re6+ Kd1 141. Rd6+ Kc1 142. Rc6+ Kd1 143.
Rd6+ Ke1 144. Re6+ Kd2 145. Rd6+ Ke3 146. Re6+ Kd3 147. Ra6 Kd4 148. Rd6+ Kc5
149. Ra6 Kb5 150. Ra3 Kb6 151. Rb3+ Kc5 152. Ra3 Kc6 153. Rc3+ Kd6 154. Rd3+
Kc7 155. Rc3+ Kb8 156. Rb3+ Ka7 157. Ra3+ Kb7 158. Ra4 Kc8 159. Rc4+ Kb8 160.
Rb4+ Ka8 161. Ra4+ Kb7 162. Ra3 Kc8 163. Ra8+ Kd7 164. Ra7+ Ke6 165. Ra6+ Ke7
166. Ra7+ Kd6 167. Ra6+ Kc7 168. Ra7+ Kb6 169. Ra3 Kb5 170. Ra7 Kc6 171. Ra6+
Kd5 172. Ra5+ Ke4 173. Ra4+ Ke5 174. Ra5+ Kd4 175. Ra4+ Kc3 176. Ra7 Kb2 177.
Rb7+ Ka3 178. Kf2 Rf1+ 179. Kxf1 a1=Q+ 180. Kg2 Qf6 181. Ra7+ Kb4 182. Rb7+ Kc4
183. Ra7 Qg5+ 184. Kf3 Qf5+ 185. Kg3 Qd3+ 186. Kg2 Qe2+ 187. Kh1 Qf3+ 188. Kh2
Qf2+ 189. Kh3 Qxa7 190. Kg4 Qf2 191. Kh3 Qg1 192. Kh4 Kd5 193. Kh5 Ke5 194. Kh6
Kf6 195. Kh7 Qg7# {Hossa checkmated} 0-1

[Event "ICS rated blitz match"]
[Site "204.178.125.65"]
[Date "2000.11.28"]
[Round "?"]
[White "Yariv"]
[Black "Hossa"]
[Result "0-1"]
[WhiteElo "2255"]
[BlackElo "2467"]
[PlyCount "94"]
[EventDate "2000.??.??"]

1. e4 e5 2. Nf3 Nc6 3. Nc3 Nf6 4. Bb5 Bb4 5. O-O O-O 6. d3 d6 7. Bg5 Bxc3 8.
bxc3 Qe7 9. Re1 Nd8 10. d4 Ne6 11. Bh4 c6 12. Bf1 Nf4 13. Rb1 Ng6 14. Bg3 Bg4
15. h3 Be6 16. a4 Qc7 17. Qc1 a6 18. Qb2 b5 19. axb5 cxb5 20. d5 Bd7 21. c4 Nh5
22. cxb5 Nxg3 23. fxg3 Qc5+ 24. Kh2 axb5 25. Bxb5 Rfb8 26. c4 f5 27. Qe2 Bxb5
28. cxb5 fxe4 29. Ng5 Qxd5 30. Red1 Qa2 31. Qxe4 Ra4 32. Qd5+ Qxd5 33. Rxd5 Rb6
34. Rbd1 Nf8 35. Rxd6 Rxd6 36. Rxd6 Ra8 37. b6 Rb8 38. Ne4 Kf7 39. Nc5 Ke7 40.
Rc6 Kd8 41. Ne6+ Kd7 42. Rc7+ Kxe6 43. Rxg7 Rxb6 44. h4 e4 45. Rg4 Ke5 46. Rg8
e3 47. Rxf8 e2 {Yariv resigns} 0-1

[Event "ICS rated blitz match"]
[Site "204.178.125.65"]
[Date "2000.11.28"]
[Round "?"]
[White "Hossa"]
[Black "Yariv"]
[Result "1-0"]
[WhiteElo "2474"]
[BlackElo "2248"]
[PlyCount "61"]
[EventDate "2000.??.??"]

1. e4 c5 2. Nf3 d6 3. d4 cxd4 4. Nxd4 Nf6 5. Nc3 Bd7 6. Bg5 e6 7. Bc4 a6 8. O-O
Be7 9. Nb3 Qc7 10. Be2 O-O 11. Qd2 Nc6 12. Rad1 Kh8 13. Bxf6 gxf6 14. Qh6 Rg8
15. Bh5 Be8 16. h4 Ne5 17. Rb1 Qb6 18. a4 a5 19. Nd2 Qc5 20. Ra1 Ng4 21. Bxg4
Rxg4 22. Nb3 Qc7 23. g3 Bc6 24. Qh5 Rg6 25. Rad1 b6 26. Rd3 Rag8 27. Rc1 d5 28.
exd5 exd5 29. Nxd5 Bxd5 30. Qxd5 Bd6 31. Qxd6 {Yariv resigns} 1-0

[Event "ICS rated blitz match"]
[Site "204.178.125.65"]
[Date "2000.11.28"]
[Round "?"]
[White "MrXYZ2"]
[Black "Hossa"]
[Result "0-1"]
[WhiteElo "2525"]
[BlackElo "2481"]
[PlyCount "98"]
[EventDate "2000.??.??"]

1. e4 c5 2. c3 e6 3. d4 d5 4. exd5 exd5 5. Nf3 a6 6. Be2 cxd4 7. Nxd4 Bd6 8.
O-O Nf6 9. Bg5 O-O 10. Nd2 Nc6 11. Bf3 Be5 12. N2b3 Qd6 13. h3 Re8 14. Re1 Bd7
15. Qd3 Ne4 16. Bxe4 dxe4 17. Qd2 f6 18. Be3 Red8 19. Nxc6 Qxc6 20. Nd4 Qd5 21.
Nb3 Qb5 22. Nd4 Qc4 23. Nb3 Bxh3 24. Qc2 Bf5 25. Rad1 Rd3 26. Nd4 Bxd4 27. Bxd4
Rxd1 28. Rxd1 Qxa2 29. Qe2 Rd8 30. Re1 Rd5 31. b4 Qxe2 32. Rxe2 h5 33. Ra2 Rd8
34. Ra5 Bg4 35. Rc5 Rd7 36. Kh2 h4 37. Kg1 Kf7 38. Kf1 g5 39. Kg1 Be6 40. Kh1
Kg6 41. Kh2 g4 42. Kg1 g3 43. fxg3 hxg3 44. Kf1 Rh7 45. Ke2 Rh2 46. Ke3 Rxg2
47. Rc7 Bd5 48. Rc8 Rf2 49. Rg8+ Bxg8 {MrXYZ2 resigns} 0-1